| 000 | 00879nam a2200181Ia 4500 | ||
|---|---|---|---|
| 008 | 100921s9999 xx 000 0 und d | ||
| 082 |
_b34660 _a615.535 न 02 |
||
| 100 | _aनगर्सेकर सुरेश. | ||
| 245 | _aउपवास चिकित्सा अर्थात फास्टींग थेरपी. | ||
| 260 |
_bमनोरमा प्रकाशन,मुंबई. _c2002 |
||
| 300 |
_a139 _bजयेश एजन्सी,पुणे. |
||
| 365 | _b50 | ||
| 520 | _aतं.वि.-निसर्गोपचार. | ||
| 630 | _aउपवास चिकित्सा अर्थात फास्टींग थेरपी. | ||
| 650 | _aतं.वि.-निसर्गोपचार. | ||
| 730 | _aउपवास चिकित्सा अर्थात फास्टींग थेरपी. | ||
| 942 | _cBOOK | ||
| 999 |
_c783773 _d783770 |
||